000 00581cam a22001931a 4500
001 9381815
005 20250708123318.0
008 930420s1963 ilub b 000 0 eng
020 _a0910566038
020 _a9780910566032
050 0 0 _aBS2330.2
_b.D8
100 1 _aDunnett, Walter M.
245 1 0 _aNew Testament survey /
_cWalter M. Dunnett.
260 _aWheaton, Ill. :
_bEvangelical Teacher Training Association,
_cc1963.
300 _a94 p. :
_bmaps ;
_c22 cm.
440 0 _aBroadening your biblical horizons
710 2 _aEvangelical Training Assoc.
942 _2lcc
_cBK
_n0
999 _c6861
_d6861